000
00267nam a2200097Ia 4500
001
706430
005
20250826162448.0
008
250824s9999 xx 000 0 und d
245
0
_a
HAZRETİ MUHAMMED VE HAYATI
_c
OSMAN KESKİNOĞLU
260
_b
DİYANET İŞLERİ YAYINLARI
999
_c
706430
_d
706430